Statistics for Spain World Cup 2010 Squad

Click here to take the quiz!

General Stats

  • This quiz has been taken 1,208 times
    (1,194 since last reset)
  • The average score is 18 of 23

Answer Stats

Position Club (Then) Club (Now) Answer % Correct
GKReal MadridReal MadridIker Casillas
97%
DFReal MadridReal MadridSergio Ramos
95%
MDBarcelonaBarcelonaXavi
95%
MDBarcelonaBarcelonaAndreas Iniesta
95%
DFBarcelonaBarcelonaGerard Pique
93%
FWLiverpoolChelseaFernando Torres
93%
FWValenciaBarcelonaDavid Villa
92%
GKLiverpoolLiverpoolPepe Reina
91%
GKBarcelonaBarcelonaVictor Valdes
91%
MDArsenalBarcelonaCesc Fabregas
88%
DFBarcelonaBarcelonaCarles Puyol
88%
MDValenciaManchester CityDavid Silva
87%
MDBarcelonaBarcelonaSergio Busquets
79%
FWBarcelonaBarcelonaPedro
79%
MDReal MadridReal MadridXabi Alonso
77%
MDValenciaChelseaJuan Mata
74%
DFReal MadridReal MadridAlvaro Arbeloa
67%
FWAthletic BilbaoAthletic BilbaoFernando Llorente
66%
MDSevillaSevillaJesus Navas
62%
DFReal MadridReal MadridRaul Albiol
51%
DFVillarrealBenficaJoan Capdevila
46%
MDAthletic BilbaoAthletic BilbaoJavi Martinez
38%
DFValenciaFree AgentCarlos Marchena
27%

Score Distribution

Percentile by Number Answered

Percent of People with Each Score

Your Score History

You have not taken this quiz since the last reset